000 00330nam a2200145Ia 4500
008 230312s9999||||xx |||||||||||||| ||und||
020 _a81-317-3376-9
082 _a658.87
_bBER-R
100 _aBerman;Barry
245 0 _aRetail Management
260 _bDorling
_aUSA
_c2011
300 _a652
650 _aManagement
942 _cBK
999 _c4359
_d4359